Tahreek-e-khilafat (Urdu)(تاریخ خلافت) (Record no. 69099)
[ view plain ]
| 000 -LEADER | |
|---|---|
| fixed length control field | 00669nam a2200193Ia 4500 |
| 001 - CONTROL NUMBER | |
| control field | 65790 |
| 003 - CONTROL NUMBER IDENTIFIER | |
| control field | OSt |
| 005 - DATE AND TIME OF LATEST TRANSACTION | |
| control field | 20150622112924.0 |
| 008 - FIXED-LENGTH DATA ELEMENTS--GENERAL INFORMATION | |
| fixed length control field | 150403s9999 xx 000 0 und d |
| 040 ## - CATALOGING SOURCE | |
| Transcribing agency | PK-LaUMT |
| 082 ## - DEWEY DECIMAL CLASSIFICATION NUMBER | |
| Classification number | 954.03 |
| Item number | ADE-T |
| 100 ## - MAIN ENTRY--PERSONAL NAME | |
| Personal name | Adeel Abbasi, Qazi Muhammad(عدیل عباسی، قاضی محمد) |
| 245 ## - TITLE STATEMENT | |
| Title | Tahreek-e-khilafat (Urdu)(تاریخ خلافت) |
| Statement of responsibility, etc | Adeel Abbasi, Qazi Muhammad(عدیل عباسی، قاضی محمد) |
| 260 ## - PUBLICATION, DISTRIBUTION, ETC. (IMPRINT) | |
| Place of publication, distribution, etc | Lahore,Pakistan:(لاہور، پاکستان ) |
| Name of publisher, distributor, etc | Z. A. Publishers,(زیڈ اے پبلشرز) |
| Date of publication, distribution, etc | N.D. |
| 300 ## - PHYSICAL DESCRIPTION | |
| Extent | 279 p. |
| 546 ## - LANGUAGE NOTE | |
| Language note | UR |
| 650 ## - SUBJECT ADDED ENTRY--TOPICAL TERM | |
| Topical term or geographic name as entry element | Pakistani literature-Urdu |
| 942 ## - ADDED ENTRY ELEMENTS (KOHA) | |
| Koha item type | Books |
| Source of classification or shelving scheme | Dewey Decimal Classification |
| Withdrawn status | Lost status | Damaged status | Not for loan | Home library | Current library | Date acquired | Total Checkouts | Full call number | Barcode | Date last seen | Date checked out | Price effective from | Koha item type |
|---|---|---|---|---|---|---|---|---|---|---|---|---|---|
| UMT Main Campus | UMT Main Campus | 2015-04-03 | 2 | 954.03 ADE-T | 89383 | 2023-09-08 | 2023-08-08 | 2015-04-03 | Books |
